000 00612nam a2200193Ia 4500
005 20250508163551.0
008 008 250505s9999 xx 000 0 hin d
037 _aDissertations
040 _aFEDL
_beng
_cFEDL
041 _ahin
_2eng
084 _a375.4, GOY/DI
_qFEDL
100 _aGoyal Kailash
_9775495
245 0 _aAvar madhyamik star per bhashai patthyakaram ke paripresh me nirdharit patthya-pustako ka samikshatmak addhyan
260 _c1996
300 _a143p.
546 _aM. Phil Dissertation (Delhi University)
942 _cDIS
_h375.4, GOY/DI
999 _c1384124
_d1384124